MARC

LEADER 00000nam0a2200000 4500
001 288091
005 20231102000043.0
035 |a (RuTPU)RU\TPU\book\312539 
090 |a 288091 
100 |a 20150321d1985 k y0rusy50 ca 
101 0 |a rus 
102 |a RU 
105 |a a z 001zy 
200 1 |a Докембрийские троговые структуры Байкало-Амурского региона и их металлогения  |f Академия наук СССР (АН СССР), Сибирское отделение (СО), Институт геологии и геофизики (ИГиГ) ; под ред. В. А. Кузнецова 
210 |a Новосибирск  |c Наука  |d 1985 
215 |a 192 с.  |c ил. 
320 |a Библиогр. в конце ст. 
606 |a Геология структурная  |2 stltpush  |3 (RuTPU)RU\TPU\subj\6122  |9 34080 
606 |a Металлогения  |2 stltpush  |3 (RuTPU)RU\TPU\subj\42411  |9 62078 
610 1 |a Восточная Сибирь 
610 1 |a Байкальская горная область 
610 1 |a Алдано-Становой щит 
610 1 |a Енисейский кряж 
610 1 |a докембрийские отложения 
610 1 |a оруденение 
610 1 |a рудоносность 
610 1 |a метаморфизм 
610 1 |a геологическое строение 
610 1 |a магматизм 
675 |a 551.243  |v 3 
675 |a 553.078  |v 3 
702 1 |a Кузнецов  |b В. А.  |g Валерий Алексеевич  |4 340 
712 0 2 |a Академия наук СССР (АН СССР)  |b Сибирское отделение (СО)  |b Институт геологии и геофизики (ИГиГ)  |c (Новосибирск)  |2 stltpush  |3 (RuTPU)RU\TPU\col\128 
801 1 |a RU  |b 63413507  |c 20150321 
801 2 |a RU  |b 63413507  |c 20171114  |g RCR 
942 |c BK